Remplissez les trous - Harry Potter - Version Aléatoire - Statistiques

Statistiques générales
  • Ce quiz a été pris 2 674 fois
  • Le résultat moyen est 19 sur 24
Statistiques - réponses
Mots % Correct
Ginny {Weasley}
98%
Severus {Rogue}
98%
{Chambre} des secrets
97%
Dob{by}
97%
Gazette du {sorcier}
97%
{Hermione} Granger
97%
Ministère de la {magie}
97%
{Neville} Londubat
97%
{Pierre} philosophale
97%
Tom {Jedusor}
97%
Basi{lic}
96%
Bellatrix {Lestrange}
96%
{Cape} d'invisibilité
96%
{Chemin} de Traverse
96%
{Dolores} Ombrage
96%
{Lord} Voldemort
96%
Albus {Dumbledore}
95%
Harry {Potter}
95%
{Pou}dlard
95%
Salle sur {demande}
95%
{Ser}pentard
95%
Sirius {Black}
95%
Tournoi des {Trois} Sorciers
95%
Nagi{ni}
94%
{Nick} Quasi-Sans-Tête
94%
{Stu}péfix
94%
Wingardium {Leviosa}
94%
{Cho} Chang
93%
Croût{ard}
93%
Fred {Weasley}
93%
Luna {Lovegood}
93%
Serd{aigle}
93%
George {Weasley}
92%
Le {Chaudron} baveur
92%
Arthur {Weasley}
91%
Molly {Weasley}
91%
Pré-Au-{Lard}
91%
{Vif} d'or
91%
Azka{ban}
90%
Coupe de {feu}
90%
Éclair de {feu}
90%
{Hed}wige
90%
{Rubeus} Hagrid
90%
Beaux{bâtons}
89%
Cogn{ard}
89%
Détra{queur}
89%
{Forêt} interdite
89%
Les {Trois} Balais
89%
Nymphadora {Tonks}
89%
{Alastor} Maugrey
88%
Drago {Malefoy}
88%
Carte du {Maraudeur}
87%
Dudley {Dursley}
87%
{Remus} Lupin
87%
Choco{grenouille}
86%
{Manoir} des Malefoy
86%
Mimi {Geignarde}
86%
Vernon {Dursley}
86%
Crock{dur}
85%
Histoire de la {magie}
85%
Le Baron {Sanglant}
85%
Reduc{to}
85%
Barjow et {Beurk}
84%
Godric's {Hollow}
84%
Minerva {McGonagall}
84%
Mol{du}
84%
Peter {Pettigrow}
84%
Incen{dio}
83%
Sectum{sempra}
83%
{4}, Privet Drive
82%
Divi{nation}
82%
Pétunia {Dursley}
82%
Grosse {Dame}
81%
{Oub}liettes
81%
Felix {Felicis}
80%
Poudlard {Express}
80%
Quid{ditch}
80%
Magico{bus}
79%
{Philtre} d'amour
79%
Sorti{lège}
79%
{Gryff}ondor
78%
{Porto}loin
78%
Seamus {Finnigan}
78%
Allée des {Embrumes}
77%
Ani{magus}
77%
Argus {Rusard}
77%
{Cra}cmol
77%
Dean {Thomas}
77%
Patten{rond}
77%
{Reliques} de la Mort
77%
{Sou}affle
77%
{Trans}planer
77%
{Expel}liarmus
76%
{Fum}seck
76%
Gring{otts}
76%
12, {square} Grimmaurd
75%
Sibylle {Trelawney}
75%
Amplifi{catum}
74%
{Bertie} Crochue
74%
{Épée} de Gryffondor
74%
King's {cross}
74%
Norvégien à {crête}
74%
{Retourneur} de temps
74%
{Soins} aux créatures magiques
74%
Vincent {Crabbe}
74%
Grip{sec}
73%
Poudre de {cheminette}
73%
Ara{gog}
72%
{Armoire} à disparaître
72%
Niff{leur}
71%
{Aloh}omora
69%
{Pansy} Parkinson
69%
Rapel{tout}
69%
{Choix}peau
68%
{Filius} Flitwick
68%
Kreat{tur}
68%
Nim{bus}
68%
{Durm}strang
67%
Hôpital Sainte-{Mangouste}
67%
La Dame {Grise}
67%
Gregory {Goyle}
66%
La Tête de {Sanglier}
66%
Le Moine {Gras}
66%
Miroir du {Riséd}
66%
Spero {Patronum}
66%
{Mandra}gore
65%
Miss {Teigne}
65%
{Honey}dukes
64%
Ac{cio}
63%
{Riddi}kulus
62%
{Pomona} Chourave
61%
Fleury et {Bott}
60%
{Étude} des Runes
59%
Weasley, Farces pour sorciers {facétieux}
58%
{Fourche}lang
56%
{Chaumière} aux coquillages
55%
{Tue}-Loup
53%
Béso{ard}
51%
Lutin de {Cornouaille}
50%
Piertotum {Locomotor}
47%
{Ernie} Macmillan
46%
Délum{inateur}
44%
Legili{mens}
43%
{Beu}glante
41%
{Con}fundo
41%
{Monstrueux} livre des monstres
41%
{Little} Hangleton
34%
Tour de l'{Horloge}
27%
{Impasse} du Tisseur
26%
{Miroir} à double sens
19%
Aucun quiz correspondant
Distribution des résultats
% des personnes avec chaque résultat
Percentile par nombre de réponses
Votre historique - résultats
Vous n’avez pas pris ce quiz